000 00445nam a2200157Ia 4500
005 20250522023441.0
008 240331s9999 xx 000 0 und d
020 _a9558653004
082 _a302.22
_bRAS
100 _aRasdurai, K
245 0 _aVilambarath thurai
260 _aNawala
_bVashicara Advertising
_c2001
300 _avi, 110 p .,
500 _aA book about Advertising Department ( Origin, Development, Range. Dominance)
942 _cL
999 _c1102
_d1102